<?xml version='1.0' encoding='UTF-8'?>
  <record xmlns="http://www.loc.gov/MARC21/slim">
    <leader>00000cem a22000007i 4500</leader>
    <controlfield tag="001">ocn980447303</controlfield>
    <controlfield tag="003">OCoLC</controlfield>
    <controlfield tag="005">20250201001634.8</controlfield>
    <controlfield tag="008">991018s1823    sz        f     0   ger d</controlfield>
    <datafield tag="040" ind1=" " ind2=" ">
      <subfield code="a">QGJ</subfield>
      <subfield code="b">dut</subfield>
      <subfield code="c">QGJ</subfield>
      <subfield code="d">QGJ</subfield>
      <subfield code="d">OCLCO</subfield>
      <subfield code="d">OCLCL</subfield>
      <subfield code="d">OCLCQ</subfield>
      <subfield code="d">OCLCF</subfield>
      <subfield code="d">OCLCO</subfield>
    </datafield>
    <datafield tag="035" ind1=" " ind2=" ">
      <subfield code="a">(OCoLC)980447303</subfield>
    </datafield>
    <datafield tag="100" ind1="1" ind2=" ">
      <subfield code="a">Keller, Heinrich,</subfield>
      <subfield code="d">1778-1862.</subfield>
      <subfield code="4">ctg</subfield>
      <subfield code="4">pbl</subfield>
      <subfield code="1">https://id.oclc.org/worldcat/entity/E39PBJvMxvTW4PfCjKTd9PW7HC</subfield>
    </datafield>
    <datafield tag="245" ind1="1" ind2="0">
      <subfield code="a">Panorama vom Rigi Berg /</subfield>
      <subfield code="c">Heinrich Keller, 1814 ; vermehrt und berichtigt 1816, 1820, 1822, 1823 ; gestochen von J. J. Scheurman, 1815.</subfield>
    </datafield>
    <datafield tag="246" ind1="3" ind2=" ">
      <subfield code="a">Panorama du Mont-Roghi</subfield>
    </datafield>
    <datafield tag="246" ind1="1" ind2=" ">
      <subfield code="a">Beschreibung des Rigibergs ... und der berühmten Kulm-Aussicht von H. Keller zur Erklärung seines Panorama</subfield>
    </datafield>
    <datafield tag="250" ind1=" " ind2=" ">
      <subfield code="a">Edition Originale, corrigée jusqu' à 1823</subfield>
    </datafield>
    <datafield tag="264" ind1=" " ind2="1">
      <subfield code="a">Zürich :</subfield>
      <subfield code="b">[uitgever niet vastgesteld],</subfield>
      <subfield code="c">[1823]</subfield>
    </datafield>
    <datafield tag="300" ind1=" " ind2=" ">
      <subfield code="a">1 krt. :</subfield>
      <subfield code="b">kopergravure ;</subfield>
      <subfield code="c">16 x 192 cm +</subfield>
      <subfield code="e">boekje (Beschreibung des Rigibergs - 75 p.)</subfield>
    </datafield>
    <datafield tag="336" ind1=" " ind2=" ">
      <subfield code="a">cartografische afbeelding</subfield>
      <subfield code="b">cri</subfield>
      <subfield code="2">rdacontent/dut</subfield>
    </datafield>
    <datafield tag="337" ind1=" " ind2=" ">
      <subfield code="a">zonder medium</subfield>
      <subfield code="b">n</subfield>
      <subfield code="2">rdamedia/dut</subfield>
    </datafield>
    <datafield tag="338" ind1=" " ind2=" ">
      <subfield code="a">vel</subfield>
      <subfield code="b">nb</subfield>
      <subfield code="2">rdacarrier/dut</subfield>
    </datafield>
    <datafield tag="500" ind1=" " ind2=" ">
      <subfield code="a">Met: Beschreibung des Rigibergs ... und der berühmten Kulm-Aussicht von H. Keller zur Erklärung seines Panorama. - Zürich : Füeszli und Comp., 1823. - 75 p.</subfield>
    </datafield>
    <datafield tag="500" ind1=" " ind2=" ">
      <subfield code="a">Op omslag kaart: Panorama vom Rigi Berg - Panorama du Mont-Roghi gezeichnet und herausgegeben von Heinrich Keller. V. J. J. Scheurman gest. 1817. Zürich bey Heinrich Keller, Zeichner. Edition Originale corrigée jusqu' à 1823. Schwarzes Exemplar - Exemplaire en noir.</subfield>
    </datafield>
    <datafield tag="651" ind1=" " ind2="0">
      <subfield code="a">Rigi Mountain (Switzerland)</subfield>
    </datafield>
    <datafield tag="651" ind1=" " ind2="6">
      <subfield code="a">Rigi (Suisse : Mont)</subfield>
    </datafield>
    <datafield tag="651" ind1=" " ind2="7">
      <subfield code="a">Switzerland</subfield>
      <subfield code="z">Rigi Mountain</subfield>
      <subfield code="2">fast</subfield>
      <subfield code="1">https://id.oclc.org/worldcat/entity/E39PBJhmPVmQRxy7bQHkYQW4bd</subfield>
    </datafield>
    <datafield tag="651" ind1=" " ind2="7">
      <subfield code="a">Zwitserland.</subfield>
      <subfield code="0">(NL-LeOCL)078971136.</subfield>
      <subfield code="2">gtt</subfield>
    </datafield>
    <datafield tag="700" ind1="1" ind2=" ">
      <subfield code="a">Scheurmann, Johann Jakob,</subfield>
      <subfield code="d">1770-1844.</subfield>
      <subfield code="4">egr</subfield>
      <subfield code="1">https://id.oclc.org/worldcat/entity/E39PBJxGQXWfpBdkdPBfBJCYT3</subfield>
    </datafield>
    <datafield tag="710" ind1="2" ind2=" ">
      <subfield code="a">Füeszli und Comp.</subfield>
      <subfield code="4">pbl</subfield>
    </datafield>
  </record>